Annagrammes de Pays - Statistiques

Statistiques générales
  • Ce quiz a été pris 818 fois
  • Le résultat moyen est 10 sur 10
Statistiques - réponses
Hint Réponse % Correct
Tetas-nuis Etats-unis
99%
Laamiise Malaisie
99%
Yspa-bsa Pays-bas
99%
Rncfae France
98%
Tliaie Italie
98%
Nalbi Liban
97%
Susire Russie
97%
Lima Mali
96%
Lapen Nepal
96%
Issues Suisse
94%
Aucun quiz correspondant
Distribution des résultats
% des personnes avec chaque résultat
Percentile par nombre de réponses
Votre historique - résultats
Vous n’avez pas pris ce quiz